000 00400nam a2200181Ia 4500
003 0STCL
008 150530s9999 xx 000 0 und d
040 _aSTCL
_cSTCL
100 _aDouglas A Pucknell;Kamran Eghraghian
245 _aBasic VISI design
250 _aThird
260 _c2004
300 _a0
546 _aEnglish
942 _2ddc
_cBK
999 _c40852
_d40852
005 20220125170525.0